| 000 | 00526nam a2200181Ia 4500 | ||
|---|---|---|---|
| 001 | 1494 | ||
| 003 | GE_BSU | ||
| 008 | 181216s||||||||xx |||||||||||||| ||und|| | ||
| 040 | _cGE_BSU | ||
| 080 | _a630(479.223) | ||
| 245 | _aРеликтовые леса Аджарии и их народнохозяйственное значение | ||
| 260 | _aТбилиси | ||
| 260 | _bМецниереба | ||
| 300 | _a262 с. 21 см. | ||
| 541 | _h7 л. | ||
| 653 | _aРеликтовые леса Аджарии | ||
| 942 | _cBK | ||
| 999 |
_c35626 _d35626 |
||